000 nam a22 7a 4500
999 _c10443
_d10443
008 180217b ||||| |||| 00| 0 eng d
100 _aCBSE
_96378
245 _aU-Like CBSE CCE Sample Papers Mathematics-IX
260 _aNew Delhi
_bBest Book